00677nam a2200169Ia 4500001001000000003000500010008004100015010001100056040000900067082001700076100002100093245012200114260007900236300001100315650012400326710005700450Para_2801CHAP220125s1988 xx 000 0 und d a201277 cCHAP aPA 972.6 D82 aDuch Gary, Jorge aLa conformación territorial del Estado de Yucatán :b los componentes del medio físico /c por Jorge Duch Gary aChapingo, Méx. :b UACh. Centro Regional de la Península de Yucatán a427 p. aYucatán x Geografía Yucatán x Clima Suelos x Yucatán Hidrografía x Yucatán Hidrología Geología aUACh. Centro Regional de la Península de Yucatán